Statistics for Who is older?

Click here to take the quiz!

General Stats

  • This quiz has been taken 50 times
  • The average score is 8 of 15

Answer Stats

QuestionAnswer% Correct
Adele or Rihanna?
78%
LeBron James or Kendrick Lamar?
75%
Kylian Mbappé or Kylie Jenner?
74%
Gordon Ramsay or Elon Musk?
73%
Matt Damon or Will Smith?
73%
Joe Rogan or Jamie Foxx?
70%
Neymar Jr or PewDiePie?
69%
Michael Stevens or Sebastian Vettel?
68%
Nicolas Cage or Robert Downey Jr.?
65%
Justin Timberlake or Britney Spears?
60%
Usain Bolt or Michael B. Jordan?
60%
Manny Pacquiao or Beyoncé?
59%
Hikaru Nakamura or Lionel Messi?
59%
Robert De Niro or Mick Jagger?
59%
Bill Clinton or Samuel L. Jackson?
58%
Nas or David Beckham?
58%
Mike Tyson or Michael Jordan?
58%
George Lucas or Martin Scorsese?
58%
Chuck Norris or Bob Dylan?
57%
Pope Francis or Robert Redford?
56%
Madison Beer or Ice Spice?
56%
Ben E. King or Morgan Freeman?
56%
Billie Eilish or Kai Cenat?
55%
Paul McCartney or Joe Biden?
53%
Vladimir Putin or Xi Jinping?
53%
Mark Zuckerberg or Kim Jong Un?
52%
Cristiano Ronaldo or Michael Phelps?
50%
Dwayne Johnson or Eminem?
50%
Bruce Springsteen or Arnold Schwarzenegger?
50%
Christopher Nolan or Jay-Z?
47%
Bruce Willis or Denzel Washington?
44%
Paul Anka or Al Pacino?
42%
Joe Montana or Tom Hanks?
39%
The Weeknd or Taylor Swift?
39%
Rafa Nadal or Drake?
39%
Tiger Woods or Penélope Cruz?
38%
Emilia Clarke or Lana Del Rey?
38%
Chris Martin or Tom Brady?
37%
Roger Federer or Kim Kardashian?
35%
Ellen DeGeneres or Madonna?
33%
Fernando Alonso or Aaron Paul?
33%
Charles III or Donald Trump?
31%
Uma Thurman or Javier Bardem?
31%
Quentin Tarantino or Jeff Bezos?
24%
Ed Sheeran or Magnus Carlsen?
20%

Score Distribution

Percentile by Number Answered

Percent of People with Each Score

Your Score History

You have not taken this quiz